| 000 | 00320 a2200133 4500 | ||
|---|---|---|---|
| 001 | 86563 | ||
| 082 | _a398.2 LOK | ||
| 090 |
_c40740 _d40740 |
||
| 100 | _aGhulam Ali | ||
| 245 |
_aFolklore of Pakistan 1 (Only VCD) _hEnglish |
||
| 250 | _aV-II | ||
| 260 |
_aIslamabad _bLok Virsa Islamabad _c2012 |
||
| 500 | _aLok Virsa | ||
| 942 |
_aCAENUST _k398.2 LOK |
||
| 999 |
_c321636 _d321636 |
||